| 000 | 00785nam a2200265Ia 4500 | ||
|---|---|---|---|
| 005 | 20251020182447.0 | ||
| 008 | 200515s9999 xx 000 0 und d | ||
| 082 | _a608.2(85)/P45/2000 | ||
| 100 | _aCarazo S., Mercedes Inés | ||
| 100 | _aFlit Stern, Isaías | ||
| 100 | _aHurtado Erazo, Angel P. | ||
| 245 | 0 | _aEstrategia Nacional de Desarrollo de la Innovación y la Productividad en el Perú : Elementos para una Propuesta | |
| 250 | _a1a ed. | ||
| 260 | _aLima | ||
| 260 | _bMITINCI ; AECI ; RED DE CITEs | ||
| 260 | _c2000 | ||
| 300 | _a126 | ||
| 300 | _bgraf., tbl., map. | ||
| 490 | _aInnovación Tecnológica del MITINCI - Industrias | ||
| 500 | _a1 ejemplar | ||
| 650 | _aINNOVACION TECNOLOGICA | ||
| 650 | _aPRODUCTIVIDAD | ||
| 942 | _cLIB | ||
| 999 |
_c747 _d747 |
||